Europa's Fairy Book (Record no. 255274)
[ view plain ]
| 000 -LEADER | |
|---|---|
| fixed length control field | 01208cam a22002533a 4500 |
| 001 - CONTROL NUMBER | |
| control field | 26019 |
| 003 - CONTROL NUMBER IDENTIFIER | |
| control field | PGUSA |
| 005 - DATE AND TIME OF LATEST TRANSACTION | |
| control field | 20140828083547.0 |
| 008 - FIXED-LENGTH DATA ELEMENTS--GENERAL INFORMATION | |
| fixed length control field | 080710s2008||||xxu|||||s|||||000 | eng d |
| 040 ## - CATALOGING SOURCE | |
| Original cataloging agency | PGUSA |
| Language of cataloging | eng |
| 042 ## - AUTHENTICATION CODE | |
| Authentication code | dc |
| 050 #4 - LIBRARY OF CONGRESS CALL NUMBER | |
| Classification number | PZ |
| 100 1# - MAIN ENTRY--PERSONAL NAME | |
| Personal name | Jacobs, Joseph, |
| Dates associated with a name | 1854-1916 |
| 245 10 - TITLE STATEMENT | |
| Title | Europa's Fairy Book |
| Medium | [electronic resource] / |
| Statement of responsibility, etc | Joseph Jacobs |
| 260 ## - PUBLICATION, DISTRIBUTION, ETC. (IMPRINT) | |
| Name of publisher, distributor, etc | Project Gutenberg, |
| Date of publication, distribution, etc | 2008 |
| 505 0# - FORMATTED CONTENTS NOTE | |
| Formatted contents note | Cinder-Maid -- All Change -- The King of the Fishes -- Scissors -- Beauty and the Beast -- Reynard and Bruin -- The Dancing Water, Singing Apple, and Speaking Bird -- The Language of Animals -- The Three Soldiers -- A Dozen at a Blow -- The Earl of Cattenborough -- The Swan Maidens -- Androcles and the Lion -- Day Dreaming -- Keep Cool -- The Master Thief -- The Unseen Bridegroom -- The Master-Maid -- A Visitor from Paradise -- Inside Again -- John the True -- Johnnie and Grizzle -- The Clever Lass -- Thumbkin. |
| 506 ## - RESTRICTIONS ON ACCESS NOTE | |
| Terms governing access | Public domain in the USA. |
| 516 ## - TYPE OF COMPUTER FILE OR DATA NOTE | |
| Type of computer file or data note | Electronic text |
| 653 ## - INDEX TERM--UNCONTROLLED | |
| Uncontrolled term | Fairy tales -- Europe |
| 700 1# - ADDED ENTRY--PERSONAL NAME | |
| Personal name | Batten, John Dickson, |
| Dates associated with a name | 1860-1932 |
| 830 #0 - SERIES ADDED ENTRY--UNIFORM TITLE | |
| Uniform title | Project Gutenberg |
| Volume number/sequential designation | 26019 |
| 856 40 - ELECTRONIC LOCATION AND ACCESS | |
| Uniform Resource Identifier | <a href="http://www.gutenberg.org/ebooks/26019">http://www.gutenberg.org/ebooks/26019</a> |
| 942 ## - ADDED ENTRY ELEMENTS (KOHA) | |
| Koha item type | eBooks |
| Withdrawn status | Lost status | Damaged status | Home library | Current library | Date acquired | Total Checkouts | Date last seen | Price effective from | Koha item type |
|---|---|---|---|---|---|---|---|---|---|
| Project Gutenberg | Project Gutenberg | 08/28/2014 | 08/28/2014 | 08/28/2014 | eBooks |